Online
Catalog

Bullas de carnaval y otros esperpentos / (Record no. 45775)

MARC details
000 -CABECERA
campo de control de longitud fija 00591nam a2200157 a 4500
001 - NÚMERO DE CONTROL
campo de control 000046286
005 - FECHA Y HORA DE LA ÚLTIMA TRANSACCIÓN
campo de control 20201002052749.0
008 - DATOS DE LONGITUD FIJA--INFORMACIÓN GENERAL
campo de control de longitud fija 150715s1993 dr 000 0 spa d
040 ## - FUENTE DE LA CATALOGACIÓN
Centro catalogador/agencia de origen DO-SdBNP
Lengua de catalogación spa
Centro/agencia transcriptor BNPHU
041 17 - CÓDIGO DE LENGUA
Código de lengua del texto/banda sonora o título independiente spa
Código de lengua del sumario o resumen eng
100 1# - ENTRADA PRINCIPAL--NOMBRE DE PERSONA
Nombre de persona Rueda Manuel
9 (RLIN) 19958
245 10 - MENCIÓN DE TÍTULO
Título Bullas de carnaval y otros esperpentos /
Mención de responsabilidad, etc. Manuel Rueda.
260 ## - PUBLICACIÓN, DISTRIBUCIÓN, ETC.
Lugar de publicación, distribución, etc. Santo Domingo :
Nombre del editor, distribuidor, etc. [s.l],
Fecha de publicación, distribución, etc. 1993.
300 ## - DESCRIPCIÓN FÍSICA
Extensión 14 p. ;
Dimensiones 29 cm.
500 ## - NOTA GENERAL
Nota general Palabras pronunciadas en la puesta en circulación del libro "Imagenes de carnaval" el 11 de noviembre de 1993, en Casa de Bastidas, Santo Domingo, República Domingo
Holdings
Estado de retiro Estado de pérdida No para préstamo Código de colección Localización permanente Ubicación/localización actual Ubicación en estantería Fecha de adquisición Número de inventario Total de préstamos Signatura topográfica completa Código de barras Fecha visto por última vez Precio válido a partir de Tipo de ítem Koha Nota pública
    Excluido de préstamo Patrimonio Dominicano Patrimonio Dominicano Patrimonio Dominicano Depósito 15.07.2015 LF1   46286-10 25.06.2020 25.06.2020 Libro y Folleto Colección Patrimonio Dominicano Perteneció a la biblioteca personal de Chiqui Vicioso / Fidelio Despradel.

Powered by Koha